The Guardian's Top 100 Footballers of 2024 - Statistics

General Stats
  • This quiz has been taken 1,425 times
  • The average score is 68 of 100
Answer Stats
Rank Club Nation Player % Correct
#3 Manchester City Norway Erling Haaland
99%
#1 Manchester City Spain Rodri
98%
#2 Real Madrid Brazil Vinicius Junior
97%
#6 Bayern Munich England Harry Kane
96%
#5 Real Madrid England Jude Bellingham
96%
#10 PSG/Real Madrid France Kylian Mbappe
96%
#11 Liverpool Egypt Mohamed Salah
96%
#27 Inter Miami CF Argentina Lionel Messi
93%
#42 Al-Nassr Portugal Cristiano Ronaldo
92%
#7 Inter Milan Argentina Lautaro Martinez
92%
#23 Aston Villa Argentina Emiliano Martinez
91%
#4 FC Barcelona Spain Lamine Yamal
91%
#21 FC Barcelona Poland Robert Lewandowski
91%
#13 Arsenal England Bukayo Saka
90%
#12 Chelsea England Cole Palmer
90%
#18 Arsenal Norway Martin Odegaard
89%
#8 Bayer Leverkusen Germany Florian Wirtz
87%
#15 Manchester City England Phil Foden
87%
#36 Manchester City Belgium Kevin De Bruyne
86%
#16 Real Madrid Germany Toni Kroos
86%
#30 Liverpool Netherlands Virgil van Dijk
86%
#58 Real Madrid Croatia Luka Modric
85%
#37 Liverpool Colombia Luis Diaz
84%
#35 Manchester City Portugal Ruben Dias
84%
#20 Real Madrid Uruguay Federico Valverde
82%
#60 Tottenham Hotspur South Korea Heung-min Son
82%
#39 FC Barcelona Spain Pedri
82%
#31 Real Madrid Brazil Rodrygo
82%
#24 Real Madrid Germany Antonio Rudiger
81%
#40 Manchester City Portugal Bernardo Silva
81%
#14 Athletic Bilbao Spain Nico Williams
81%
#41 Atletico Madrid France Antoine Griezmann
80%
#17 RB Leipzig/FC Barcelona Spain Dani Olmo
80%
#25 FC Barcelona Brazil Raphinha
80%
#28 Arsenal France William Saliba
80%
#38 Liverpool Argentina Alexis Mac Allister
79%
#63 Manchester United Portugal Bruno Fernandes
79%
#9 Real Madrid Spain Dani Carvajal
79%
#34 Arsenal England Declan Rice
77%
#26 Bayer Leverkusen Switzerland Granit Xhaka
77%
#51 Real Madrid Belgium Thibaut Courtois
77%
#19 Bayern Munich Germany Jamal Musiala
76%
#45 Manchester City Croatia Josko Gvardiol
75%
#29 Sporting CP Sweden Viktor Gyokeres
75%
#56 PSG Morocco Achraf Hakimi
74%
#55 Manchester City/Atletico Madrid Argentina Julian Alvarez
73%
#61 AC Milan Portugal Rafael Leao
72%
#74 Napoli/Galatasaray Nigeria Victor Osimhen
72%
#22 Atalanta Nigeria Ademola Lookman
71%
#57 Arsenal Brazil Gabriel
71%
#49 Napoli Georgia Khvicha Kvaratskhelia
70%
#66 Liverpool England Trent Alexander-Arnold
70%
#50 Manchester City Brazil Ederson
69%
#54 Aston Villa England Ollie Watkins
68%
#32 Inter Milan Turkey Hakan Calhanoglu
67%
#46 Inter Milan Italy Nicolo Barella
65%
#68 Manchester City England Kyle Walker
64%
#79 Liverpool Brazil Alisson
63%
#33 Bayer Leverkusen Spain Alejandro Grimaldo
62%
#84 Liverpool Netherlands Cody Gakpo
62%
#90 Newcastle United Sweden Alexander Isak
59%
#73 LOSC Lille Canada Jonathan David
59%
#76 Bayern Munich Germany Joshua Kimmich
59%
#64 Bayer Leverkusen Netherlands Jeremie Frimpong
58%
#43 VFB Stuttgart/Borussia Dortmund Guinea Serhou Guirassy
58%
#47 PSG Portugal Vitinha
58%
#52 Inter Milan Italy Alessandro Bastoni
57%
#78 Arsenal Germany Kai Havertz
57%
#59 Eintracht Frankfurt Egypt Omar Marmoush
57%
#91 Athletic Bilbao Spain Unai Simon
57%
#95 AC Milan United States Christian Pulisic
56%
#94 Girona FC/Manchester City Brazil Savinho
56%
#44 PSG Spain Fabian Ruiz
54%
#85 Crystal Palace/Bayern Munich France Michael Olise
54%
#89 Real Madrid France Eduardo Camavinga
53%
#67 Inter Milan France Marcus Thuram
53%
#82 Real Madrid Ukraine Andriy Lunin
52%
#48 Girona FC/AS Roma Ukraine Artem Dovbyk
51%
#83 Tottenham Hotspur Argentina Cristian Romero
51%
#72 Chelsea Spain Marc Cucurella
51%
#62 Bayer Leverkusen Nigeria Victor Boniface
51%
#69 RB Leipzig Netherlands Xavi Simons
51%
#53 Inter Milan Italy Federico Dimarco
50%
#65 Borussia Dortmund/AS Roma Germany Mats Hummels
50%
#93 Juventus Serbia Dusan Vlahovic
49%
#71 SL Benfica Argentina Angel Di Maria
48%
#70 Atletico Madrid/AC Milan Spain Alvaro Morata
45%
#77 Sao Paulo/Rayo Vallecano Colombia James Rodriguez
45%
#87 FC Barcelona France Jules Kounde
45%
#86 Arsenal Spain David Raya
43%
#97 Bologna/Arsenal Italy Riccardo Calafiori
43%
#75 Bayer Leverkusen Germany Jonathan Tah
42%
#98 Al-Hilal Serbia Aleksandar Mitrovic
40%
#80 Valencia CF Georgia Giorgi Mamardashvili
39%
#92 Borussia Dortmund Switzerland Gregor Kobel
37%
#100 Borussia Dortmund Austria Marcel Sabitzer
36%
#96 AC Milan France Mike Maignan
35%
#81 FC Barcelona Spain Pau Cubarsi
34%
#88 PSG France Bradley Barcola
33%
#99 Borussia Dortmund Germany Julian Brandt
27%
No matching quizzes found
Score Distribution
Percent of People with Each Score
Percentile by Number Answered
Your Score History
You have not taken this quiz